000 00730nam a2200229Ia 4500
001 5361
003 GE_BSU
008 181216s||||||||xx |||||||||||||| ||und||
040 _cGE_BSU
080 _a517(075.8)
100 _aГюнтер Н.М. Кузьмин Р.О.
245 _aСборник задач по высшей математике.
245 _b, перер. Учеб. пособие.
245 _cПод ред. С.И. Амосова и Г.Ю. Джанелидзе.
250 _aТ.1. Изд. 13-ОЕ
260 _aМосква
260 _bГосиздат
260 _c1958
300 _a282 с. 22 см.
653 _aСборник задач по высшей математике.
942 _cBK
999 _c38938
_d38938